Engineering drawing / (Record no. 145293)

MARC details
000 -LEADER
fixed length control field 00833nam a22002297a 4500
005 - DATE AND TIME OF LATEST TRANSACTION
control field 20180502115308.0
010 ## - LCCN (DPL NO)
LC control number 1718EN-30 B-688450-462
020 ## - INTERNATIONAL STANDARD BOOK NUMBER
International Standard Book Number 9789384007775
Terms of availability 395.00
035 ## - SYSTEM CONTROL NUMBER
System control number B-688450-462
037 ## - SOURCE OF ACQUISITION
Source of stock number/acquisition Scientific
Stock number dpl
037 ## - SOURCE OF ACQUISITION
Source of stock number/acquisition DBAD/PUB
082 ## - DEWEY DECIMAL CLASSIFICATION NUMBER
Classification number 604.2
100 ## - MAIN ENTRY--PERSONAL NAME
Personal name Annaiah, M.H.
245 ## - TITLE STATEMENT
Title Engineering drawing /
Statement of responsibility, etc by M.H.Annaiah, B.S. Prem Kumar [and] C.N. Chandrappa
260 ## - PUBLICATION, DISTRIBUTION, ETC. (IMPRINT)
Place of publication, distribution, etc New Delhi
Name of publisher, distributor, etc MEDTECH
Date of publication, distribution, etc 2016
270 ## - ADDRESS
Address 4850/24, Ansari Road, Daryaganj,
City New Delhi
Postal code 110002
300 ## - PHYSICAL DESCRIPTION
Extent 444p.
Dimensions 28cm(pbk)
700 ## - ADDED ENTRY--PERSONAL NAME
Personal name B.S. Prem Kumar
700 ## - ADDED ENTRY--PERSONAL NAME
Personal name Chandrappa, C.N.
942 ## - ADDED ENTRY ELEMENTS (KOHA)
Source of classification or shelving scheme Dewey Decimal Classification
Item type English Books
Call number suffix ANN
Classification part 604.2
Holdings
Withdrawn status Lost status Not for loan Collection code Home library Current library Date acquired Source of acquisition Cost, normal purchase price Full call number Barcode Copy number Cost, replacement price Koha item type
      Non-fiction Ashok Vihar Ashok Vihar 02/05/2018 SI/1816/2017-1804.12.2017/679/20.11.2017/15.1.2018 395.00 604.2 ANN B-688451 1 395.00 English Books
    Not For Loan Non-fiction D.B.Act.Division Bawana 06/12/2017 DBAD/PUB 395.00 604.2 ANN EN-105292 1 395.00 English Books
      Non-fiction Bawana Bawana 02/05/2018 SI/1816/2017-1804.12.2017/679/20.11.2017/15.1.2018 395.00 604.2 ANN B-688461 1 395.00 English Books
      Non-fiction Central Library Central Library 02/05/2018 SI/1816/2017-1804.12.2017/679/20.11.2017/15.1.2018 395.00 604.2 ANN B-688450 1 395.00 English Books
      Non-fiction Janak Puri Janak Puri 02/05/2018 SI/1816/2017-1804.12.2017/679/20.11.2017/15.1.2018 395.00 604.2 ANN B-688456 1 395.00 English Books
      Non-fiction Kasturba Gandhi Marg Kasturba Gandhi Marg 02/05/2018 SI/1816/2017-1804.12.2017/679/20.11.2017/15.1.2018 395.00 604.2 ANN B-688453 1 395.00 English Books
      Non-fiction Narela Narela 02/05/2018 SI/1816/2017-1804.12.2017/679/20.11.2017/15.1.2018 395.00 604.2 ANN B-688460 1 395.00 English Books
      Non-fiction Patel Nagar Patel Nagar 02/05/2018 SI/1816/2017-1804.12.2017/679/20.11.2017/15.1.2018 395.00 604.2 ANN B-688452 1 395.00 English Books
      Non-fiction Peshwa Road Peshwa Road 02/05/2018 SI/1816/2017-1804.12.2017/679/20.11.2017/15.1.2018 395.00 604.2 ANN B-688454 1 395.00 English Books
      Non-fiction R.K.Puram-8 R.K.Puram-8 02/05/2018 SI/1816/2017-1804.12.2017/679/20.11.2017/15.1.2018 395.00 604.2 ANN B-688458 1 395.00 English Books
      Non-fiction Sarojini Nagar Sarojini Nagar 02/05/2018 SI/1816/2017-1804.12.2017/679/20.11.2017/15.1.2018 395.00 604.2 ANN B-688457 1 395.00 English Books
      Non-fiction Shahdara Branch Shahdara Branch 02/05/2018 SI/1816/2017-1804.12.2017/679/20.11.2017/15.1.2018 395.00 604.2 ANN B-688462 1 395.00 English Books
      Non-fiction Tri Nagar Tri Nagar 02/05/2018 SI/1816/2017-1804.12.2017/679/20.11.2017/15.1.2018 395.00 604.2 ANN B-688455 1 395.00 English Books
      Non-fiction Vinoba Puri Vinoba Puri 02/05/2018 SI/1816/2017-1804.12.2017/679/20.11.2017/15.1.2018 395.00 604.2 ANN B-688459 1 395.00 English Books

© Delhi Public Library
Hit Counter
free hit counter